<?xml version="1.0" encoding="UTF-8"?>
<record
    xmlns:xsi="http://www.w3.org/2001/XMLSchema-instance"
    xsi:schemaLocation="http://www.loc.gov/MARC21/slim http://www.loc.gov/standards/marcxml/schema/MARC21slim.xsd"
    xmlns="http://www.loc.gov/MARC21/slim">

  <leader>00638nam a2200169Ia 4500</leader>
  <controlfield tag="001">6627</controlfield>
  <controlfield tag="008">260622s9999    xx            000 0 und d</controlfield>
  <datafield tag="245" ind1=" " ind2="0">
    <subfield code="a">&#x631;&#x62D;&#x644;&#x629; &#x628;&#x627;&#x644;&#x62F;&#x627;&#x633;&#x627;&#x631;: &#x631;&#x648;&#x627;&#x64A;&#x629;/ </subfield>
    <subfield code="c">&#x627;&#x645;&#x64A;&#x646; &#x645;&#x639;&#x644;&#x648;&#x641;. &#x62A;&#x631;&#x62D;&#x62C;&#x629;: &#x631;&#x648;&#x632; &#x645;&#x62E;&#x644;&#x648;&#x641;</subfield>
  </datafield>
  <datafield tag="260" ind1=" " ind2=" ">
    <subfield code="a">&#x62F;&#x645;&#x634;&#x642;&#x61B; </subfield>
    <subfield code="b">&#x648;&#x631;&#x62F; &#x644;&#x644;&#x637;&#x628;&#x627;&#x639;&#x629; &#x648; &#x627;&#x644;&#x646;&#x634;&#x631; &#x648; &#x627;&#x644;&#x62A;&#x648;&#x636;&#x64A;&#x639;&#x61B; </subfield>
    <subfield code="c">2000</subfield>
  </datafield>
  <datafield tag="300" ind1=" " ind2=" ">
    <subfield code="a">413p; </subfield>
    <subfield code="c">22x14cm</subfield>
  </datafield>
  <datafield tag="505" ind1=" " ind2=" ">
    <subfield code="a">Original title: Le Periple de Baldassare. Author: Amin Maalouf; Tr: Rose Makhlouf</subfield>
  </datafield>
  <datafield tag="546" ind1=" " ind2=" ">
    <subfield code="a">Arabic</subfield>
  </datafield>
  <datafield tag="650" ind1=" " ind2=" ">
    <subfield code="a">PJ7501-8517 Arabic literature</subfield>
  </datafield>
  <datafield tag="655" ind1=" " ind2=" ">
    <subfield code="a">Fiction &#x631;&#x648;&#x627;&#x64A;&#x629;</subfield>
    <subfield code="9">9478</subfield>
  </datafield>
  <datafield tag="700" ind1=" " ind2=" ">
    <subfield code="a">Maalouf, Amin &#x627;&#x645;&#x64A;&#x646; &#x645;&#x639;&#x644;&#x648;&#x641;</subfield>
    <subfield code="9">9479</subfield>
  </datafield>
  <datafield tag="942" ind1=" " ind2=" ">
    <subfield code="c">BK</subfield>
  </datafield>
  <datafield tag="999" ind1=" " ind2=" ">
    <subfield code="c">6627</subfield>
    <subfield code="d">6627</subfield>
  </datafield>
  <datafield tag="952" ind1=" " ind2=" ">
    <subfield code="0">0</subfield>
    <subfield code="1">0</subfield>
    <subfield code="4">0</subfield>
    <subfield code="7">0</subfield>
    <subfield code="8">P</subfield>
    <subfield code="a">SAFL</subfield>
    <subfield code="b">SAFL</subfield>
    <subfield code="d">0000-00-00</subfield>
    <subfield code="l">0</subfield>
    <subfield code="o">PJ7501-8517 130.073</subfield>
    <subfield code="p">6627</subfield>
    <subfield code="r">2026-06-22</subfield>
    <subfield code="w">2026-06-22</subfield>
    <subfield code="y">BK</subfield>
  </datafield>
</record>
